Lead in the marine environment : (Record no. 3288)
[ view plain ]
| 000 -LEADER | |
|---|---|
| fixed length control field | 05787cam a2200589Mi 4500 |
| 006 - FIXED-LENGTH DATA ELEMENTS--ADDITIONAL MATERIAL CHARACTERISTICS--GENERAL INFORMATION | |
| fixed length control field | m o d |
| 007 - PHYSICAL DESCRIPTION FIXED FIELD--GENERAL INFORMATION | |
| fixed length control field | cr cn||||||||| |
| 008 - FIXED-LENGTH DATA ELEMENTS--GENERAL INFORMATION | |
| fixed length control field | 141114t19801980enka ob 101 0 eng d |
| 020 ## - INTERNATIONAL STANDARD BOOK NUMBER | |
| International Standard Book Number | 9781483137223 |
| Qualifying information | (e-book) |
| 020 ## - INTERNATIONAL STANDARD BOOK NUMBER | |
| International Standard Book Number | 1483137228 |
| Qualifying information | (e-book) |
| 040 ## - CATALOGING SOURCE | |
| Original cataloging agency | IMU Kochi Library |
| Language of cataloging | eng |
| 041 0# - LANGUAGE CODE | |
| Language code of text/sound track or separate title | eng |
| 082 04 - DEWEY DECIMAL CLASSIFICATION NUMBER | |
| Classification number | 628.1/686162 |
| Edition number | 23 |
| 111 2# - MAIN ENTRY--MEETING NAME | |
| Meeting name or jurisdiction name as entry element | International Experts Discussion on Lead Occurrence, Fate, and Pollution in the Marine Environment |
| Date of meeting | (1977 : |
| Location of meeting | Rovinj, Croatia) |
| 245 10 - TITLE STATEMENT | |
| Title | Lead in the marine environment : |
| Sub Title | proceedings of the International Experts Discussion on Lead Occurrence, Fate, and Pollution in the Marine Environment, Rovinj, Yugoslavia, 18-22 October 1977 / |
| 300 ## - PHYSICAL DESCRIPTION | |
| Extent | 1 online resource (364 pages) : |
| Other physical details | illustrations |
| 504 ## - BIBLIOGRAPHY, ETC. NOTE | |
| Bibliography, etc | Includes bibliographical references at the end of each chapters and index. |
| 505 0# - FORMATTED CONTENTS NOTE | |
| Formatted contents note | Front Cover; Lead in the Marine Environment; Copyright Page; Table of Content; Introduction; Chapter 1. Quality Assurance Measures for Environmental Data; ABSTRACT; INTRODUCTION; GENERAL PRINCIPLES; CONCLUSION; REFERENCES; Chapter 2. Impact of Man on Coastal Marine Ecosystems; ABSTRACT; REFERENCES; Chapter 3. Analysis of Natural and Industrial Lead in Marine Ecosystems; ABSTRACT; REFERENCES; Chapter 4. The Occurrence of Lead in the Northeast Pacific and the Effects of Anthropogenic Inputs; ABSTRACT; REFERENCES. |
| 505 8# - FORMATTED CONTENTS NOTE | |
| Formatted contents note | Chapter 5. Investigations into the Formation and Behaviour of Aqueous Solutions of Lead AlkylsABSTRACT; INTRODUCTION; EQUILIBRATOR EXPERIMENTS; OPEN TANK EXPERIMENTS; TROUGH EXPERIMENTS; BREAKDOWN OF LEAD ALKYLS IN SOLUTION; DISCUSSION; CONCLUSIONS; ACKNOWLEDGMENTS; REFERENCES; Chapter 6. A Dehydration Method to Prevent Loss of Trace Elements in Biological Samples; ABSTRACT; INTRODUCTION; EXPERIMENTAL; RESULTS AND DISCUSSION; CONCLUSIONS; ACKNOWLEDGEMENT; REFERENCES; Chapter 7. Voltammetric Determination of the Stability Constants of the Predominant Labile Lead Complexes in Sea Water. |
| 505 8# - FORMATTED CONTENTS NOTE | |
| Formatted contents note | ABSTRACTINTRODUCTION; METHODOLOGICAL APPROACH; INVESTIGATIONS ON THE NATURE OF THE EFFECTIVE CARBONATO LIGAND; DETERMINATION OF THE STABILITY CONSTANTS OF Pb-CARBONATO COMPLEXES; EXPERIMENTAL VERIFICATION OF A CHEMICAL MODEL FOR TRACE METAL SPECIATION IN SEA WATER; ACKNOWLEDGEMENTS; REFERENCES; Chapter 8. A Sensitive Technique for the Analysis of Tetraalkyllead Compounds; ABSTRACT; INTRODUCTION; EXPERIMENTAL; RESULTS AND DISCUSSION; REFERENCES; Chapter 9. The Determination of Tetraalkyllead Compounds and their Degradation Products in Natural Water; ABSTRACT; INTRODUCTION. |
| 505 8# - FORMATTED CONTENTS NOTE | |
| Formatted contents note | BASIS OF THE ANALYTICAL SCHEMEDETERMINATION OF LEAD IN SEA-WATER; RECENT DEVELOPMENTS; ACKNOWLEDGEMENTS; REFERENCES; Chapter 10. Studies of Lead in Water and Biological Materials using X-ray Emission Spectroscopy; ABSTRACT; INTRODUCTION; EXPERIMENTAL METHODS; RESULTS; CONCLUSION; REFERENCES; Chapter 11. The Theoretical Studies of the Chemical Speciation of Lead in Seawater; ABSTRACT; 1. INTRODUCTION; 2 . PREVIOUS WORK ON MODELS OF INORGANIC SPECIATION; 3. A REASSESSMENT OF INORGANIC SPECIATION MODELS; 4. THERMODYNAMIC ACTIVITY OF LEAD IN SEA WATER. |
| 505 8# - FORMATTED CONTENTS NOTE | |
| Formatted contents note | 5. ELECTROCHEMICAL AVAILABILITY OF LEAD IN SEA WATER6. SUMMARY AND CONCLUSIONS; APPENDIX 1 -- GLOSSARY OF SYMBOLS; REFERENCES; Chapter 12. Input of Lead into the Mediterranean Through Rivers; ABSTRACT; INTRODUCTION; MATERIAL AND METHODS; RESULTS AND DISCUSSION; ACKNOWLEDGEMENT; REFERENCES; ADDENDUM; Chapter 13. Comparative Base Line Studies on Pb-Levels in European Coastal Waters; ABSTRACT; INTRODUCTION; SAMPLING AND SAMPLE PRETREATMENT; TRACE ANALYTICAL PROCEDURE; RESULTS; GENERAL REMARKS; CONCLUDING REMARKS; ACKNOWLEDGEMENTS; REFERENCES. |
| 520 ## - SUMMARY, ETC. | |
| Summary, etc | Lead in the Marine Environment covers the proceedings of the International Experts Discussion on Lead Occurrence, Fate, and Pollution in the Marine Environment, held in Rovinj, Yugoslavia on October 18-22, 1977. The book focuses on the release of lead to the environment, including the techniques, processes, and technologies involved in the analysis of lead in marine ecosystems. The selection first highlights the impact of human on coastal marine ecosystems; analysis of natural and industrial lead in marine ecosystems; and the occurrence of lead in Northeast Pacific and the effects of anthropog. |
| 650 #0 - SUBJECT ADDED ENTRY--TOPICAL TERM | |
| Topical term or geographic name as entry element | Marine pollution |
| Form subdivision | Congresses. |
| 650 #0 - SUBJECT ADDED ENTRY--TOPICAL TERM | |
| Topical term or geographic name as entry element | Lead |
| General subdivision | Environmental aspects |
| Form subdivision | Congresses. |
| 650 #6 - SUBJECT ADDED ENTRY--TOPICAL TERM | |
| Topical term or geographic name as entry element | Pollution marine |
| Form subdivision | Congr�es. |
| 650 #6 - SUBJECT ADDED ENTRY--TOPICAL TERM | |
| Topical term or geographic name as entry element | Plomb |
| General subdivision | Aspect de l'environnement |
| Form subdivision | Congr�es. |
| 650 #7 - SUBJECT ADDED ENTRY--TOPICAL TERM | |
| Topical term or geographic name as entry element | TECHNOLOGY & ENGINEERING |
| General subdivision | Environmental |
| -- | General. |
| Source of heading or term | bisacsh |
| 650 #7 - SUBJECT ADDED ENTRY--TOPICAL TERM | |
| Topical term or geographic name as entry element | Lead |
| General subdivision | Environmental aspects |
| Source of heading or term | fast |
| 650 #7 - SUBJECT ADDED ENTRY--TOPICAL TERM | |
| Topical term or geographic name as entry element | Marine pollution |
| Source of heading or term | fast |
| 655 #2 - INDEX TERM--GENRE/FORM | |
| Genre/form data or focus term | Congress |
| 655 #7 - INDEX TERM--GENRE/FORM | |
| Genre/form data or focus term | proceedings (reports) |
| Source of term | aat |
| 655 #7 - INDEX TERM--GENRE/FORM | |
| Genre/form data or focus term | Conference papers and proceedings |
| Source of term | fast |
| 655 #7 - INDEX TERM--GENRE/FORM | |
| Genre/form data or focus term | Conference papers and proceedings. |
| Source of term | lcgft |
| 655 #7 - INDEX TERM--GENRE/FORM | |
| Genre/form data or focus term | Actes de congr�es. |
| Source of term | rvmgf |
| 700 1# - ADDED ENTRY--PERSONAL NAME | |
| Personal name | Branica, Marko, |
| Relator term | |
| 700 1# - ADDED ENTRY--PERSONAL NAME | |
| Personal name | Konrad, Zdenka, |
| Relator term | |
| 700 1# - ADDED ENTRY--PERSONAL NAME | |
| Personal name | Branica, M., |
| Relator term | |
| 852 ## - LOCATION/CALL NUMBER | |
| Location | IMU Kochi Library |
| 856 40 - ELECTRONIC LOCATION AND ACCESS | |
| Uniform Resource Identifier | <a href="https://www.sciencedirect.com/science/book/9780080229607">https://www.sciencedirect.com/science/book/9780080229607</a> |
| 904 ## - LOCAL DATA ELEMENT D, LDD (RLIN) | |
| CATALOGER | Rudra Ranjan |
| 905 ## - LOCAL DATA ELEMENT E, LDE (RLIN) | |
| VERIFIER | Rudra Ranjan |
| 942 ## - ADDED ENTRY ELEMENTS (KOHA) | |
| Item type | E-Book |
| 264 #1 - | |
| -- | Oxford, England : |
| -- | Pergamon Press, |
| -- | 1980. |
| 264 #4 - | |
| -- | �1980 |
| 338 ## - | |
| -- | online resource |
| 650 #6 - SUBJECT ADDED ENTRY--TOPICAL TERM | |
| -- | (CaQQLa)201-0005872 |
| -- | (CaQQLa)201-0378219 |
| 650 #6 - SUBJECT ADDED ENTRY--TOPICAL TERM | |
| -- | (CaQQLa)201-0070233 |
| -- | (CaQQLa)201-0374355 |
| -- | (CaQQLa)201-0378219 |
| 650 #7 - SUBJECT ADDED ENTRY--TOPICAL TERM | |
| -- | (OCoLC)fst00994560 |
| 650 #7 - SUBJECT ADDED ENTRY--TOPICAL TERM | |
| -- | (OCoLC)fst01009826 |
| 655 #2 - INDEX TERM--GENRE/FORM | |
| -- | (DNLM)D016423 |
| 655 #7 - INDEX TERM--GENRE/FORM | |
| -- | (CStmoGRI)aatgf300027316 |
| 655 #7 - INDEX TERM--GENRE/FORM | |
| -- | (OCoLC)fst01423772 |
| 655 #7 - INDEX TERM--GENRE/FORM | |
| -- | (CaQQLa)RVMGF-000001049 |
No items available.